| Registos Bibliográficos associados ao registo de autoridade |
|
Etiqueta de registo: 00000nkm 2200025 450 001 2282039 003 http://id.bnportugal.gov.pt/bib/catbnp/2282039 100 ## $a20260320d1990 m d0pory01030103ba 101 0# $apor 102 ## $aPT 200 1# $aEm Casa de Mestre Pathelin, encenação Lucilo Valdez, Grupo de Teatro "O Canastro",
Centro Cultural de Paredes de Coura, 25-3$bVisual gráfico]$fCâmara Municipal de Paredes de Coura$gSerafim Silva 210 #9 $aParedes de Coura$cCâmara Municipal de Paredes de Coura,$d1990$eMaia :$gArtes Gráficas) 215 ## $a1 cartaz$ccolor.$d45,5x33 cm 317 ## $aColeção Madeira Luís 702 #1 $aSilva,$bSerafim$4440$31992706 710 01 $aParedes de Coura.$bCâmara Municipal$342882 801 #0 $aPT$bBN$gRPC 966 ## $lBN$mICONOG$sCT. 17074 V.$x3 971 ## $cCaticonografia7$d20260320 972 ## $d20260413$e1$v fpinelo$z0 995 ## $aPRR2026
|
|
|